Statistiche per Top 20 Laghi più estesi del mondo

Clicka qui per fare il quiz!

Statistiche generali

  • Questo quiz è stato fatto 48 volte
    (47 dall'ultimo reset)
  • Il punteggio medio è 10 su 20

Statistiche sulle risposte

Area (km²)Nazioni confinantiLago% Corretto
386.400Kazakistan, Turkmenistan, Iran, Azerbaigian, RussiaMar Caspio
90%
117 702Canada, Stati UnitiMichigan-Huron
76%
69 485Uganda, Kenya, TanzariaVittoria
76%
32 893Burundi, Tanzania, Zambia, Repubblica Democratica del CongoTanganica
69%
31 500RussiaBajkal
66%
8 330Perù, BoliviaTiticaca
66%
30 044Tanzania, Mozambico, MalawiMalawi
62%
19 477Canada, Stati UnitiOntario
62%
82 414Canada, Stati UnitiSuperiore
62%
25 719Canada, Stati UnitiErie
59%
18 130RussiaLadoga
55%
28 930CanadaLago degli Schiavi
48%
8 157NicaraguaNicaragua
48%
31 080CanadaLago degli Orsi
45%
13 280VenezuelaMaracaibo
38%
9 891RussiaOnega
38%
15 690(Antartide)Vostok
34%
23 553CanadaLago Winnipeg
31%
18 428KazakistanBalqaš
14%
7 920CanadaLago Athabasca
10%

Distribuzione punteggi

Percentile per numero di risposta

Percentuale di utenti per punteggio

I tuoi punteggi nel tempo

Non hai fatto questo quiz dall'ultimo reset